| 000 | 01996nam a2200277 4500 | ||
|---|---|---|---|
| 999 |
_c62371 _d62371 |
||
| 003 | Ge_BSU | ||
| 005 | 20241017150254.0 | ||
| 008 | 241017s1989 ge ||||| |||| 00| 0 geo d | ||
| 041 | _ageo | ||
| 080 | _a616.33/.34-002-089(075.8) ა-99 | ||
| 100 |
_aახმეტელი, თ. _923428 |
||
| 245 |
_aქირურგიული გასტროენტეროლოგია : _b[დამხმ. სახელმძღვ. სამედ. ინ-ტის სტუდენტებისათვის] / _c თ. ახმეტელი, გ. კაკოიშვილი, ლ. ძნელაძე. |
||
| 264 |
_aთბილისი : _bგანათლება, _c1989. |
||
| 300 |
_a350 გვ. ; _b 22 სმ. |
||
| 653 | _aქირურგიული გასტროენტეროლოგია | ||
| 653 | _aკუჭის, თორმეტგოჯა, წვრილი და მსხვილი ნაწლავების დივერტიკული | ||
| 653 | _a სისხლის მიმოქცევის მოშლასთან დაკავშირებული ნაწლავთა პათოლოგია | ||
| 653 | _aმეზენტერიულ სისხლძარღვთა თრომბოზი და ემბოლია | ||
| 653 | _a კუჭისა და ნაწლავების სიმსივნეები კუჭისა და თორმეტგოჯა ნაწლავის კეთილთვისებიანი სიმსივნეები | ||
| 653 | _aმწვავე აპენდიციტი | ||
| 653 | _aთორმეტგოჯა ნაწლავის კიბო | ||
| 653 | _aქირურგია. | ||
| 700 |
_aკაკოიშვილი, გ. _eავტორი _923429 |
||
| 700 |
_a ძნელაძე, ლ. _eავტორი _923430 |
||
| 942 |
_2udc _cᲬᲘᲒᲜᲘ |
||